[Event "62nd ch-RUS"]
[Site "Moscow RUS"]
[Date "2009.12.23"]
[Round "4"]
[White "Svidler, P."]
[Black "Grischuk, A."]
[Result "1/2-1/2"]
[WhiteElo "2754"]
[BlackElo "2736"]
[PlyCount "59"]
[EventDate "2009.12.20"]

1. e4 e5 2. Nf3 Nc6 3. Bb5 a6 4. Ba4 Nf6 5. O-O Be7 6. Re1 b5 7. Bb3 O-O 8. c3
d5 9. exd5 Nxd5 10. Nxe5 Nxe5 11. Rxe5 c6 12. d4 Bd6 13. Re1 Qh4 14. g3 Qh3 15.
Qe2 Bd7 16. Qf1 Qf5 17. Nd2 Rae8 18. f3 Nf6 19. a4 c5 20. Rxe8 Rxe8 21. Ne4
Rxe4 22. Bc2 cxd4 23. fxe4 Qc5 24. Qf2 Ng4 25. cxd4 Qc7 26. Qe2 Bxg3 27. hxg3
Qxg3+ 28. Qg2 Qe1+ 29. Qf1 Qg3+ 30. Qg2 1/2-1/2